000 00568nam a2200241Ia 4500
008 210210b2002 xxu||||| |||| 00| 0 eng d
020 _a0070434336
041 _aeng
082 _a658.3 PART
100 _aPAREEK (Udai)
245 _aTraining instruments in HRD and OD
250 _a
260 _aND
_bTata McGraw-Hill Publishing Company Ltd.
_c2002
300 _axiv,861
650 _aTraining
650 _aOD
650 _ainstruments
650 _ain
650 _aHRD
650 _aand
690 _aHuman Resource Management
906 _a063680
999 _c150631
_d150631